Normal view
MARC view
- عزت، محمد فريد محمود
Entry Personal Name
001 - CONTROL NUMBER
- control field: 7380
003 - CONTROL NUMBER IDENTIFIER
- control field: JO-AjAnu
005 - DATE AND TIME OF LATEST TRANSACTION
- control field: 20230606071508.0
008 - FIXED-LENGTH DATA ELEMENTS
- fixed length control field: 230606|| aca||aabn | a|a d
040 ## - CATALOGING SOURCE
- Original cataloging agency: JO-AjAnu
- Transcribing agency: JO-AjAnu
100 ## - HEADING--PERSONAL NAME
- Personal name: عزت، محمد فريد محمود
670 ## - SOURCE DATA FOUND
- Source citation: Work cat.: (JO-AjAnu)3818: عزت، محمد فريد محمود, author, وكالات الأنباء في العالم العربي